| 000 | 00499nam a2200157 i 4500 | ||
|---|---|---|---|
| 001 | bg | ||
| 100 | 1 | _aDZIADEK, Tomasz. | |
| 245 | 0 |
_aProblemy projektowania i wykonawstwa budowli wieżowych. _nCz. 10, _pZagadnienia technologiczne projektowania i wykonawstwa budowli wieżowych / _cTomasz Dziadek, Oswald Mateja. |
|
| 260 |
_aOpole, _c1980. |
||
| 700 | 1 | _aMATEJA, Oswald. | |
| 040 | _cBPK | ||
| 041 | _apol | ||
| 080 | _a624+69](075.8) | ||
| 942 | _cKS | ||
| 008 | s pl f |000 0 pol | ||
| 999 |
_c20586 _d20586 |
||
| 856 |
_uhttp://koha.tu.koszalin.pl/cgi-bin/koha/opac-detail.pl?biblionumber=20586 _yKatalog online BPK |
||